Normal view
MARC view
- ACC NO-14582
Entry Topical Term
001 - CONTROL NUMBER
- control field: 74938
003 - CONTROL NUMBER IDENTIFIER
- control field: NUST
005 - DATE AND TIME OF LATEST TRANSACTION
- control field: 20210628205324.0
008 - FIXED-LENGTH DATA ELEMENTS
- fixed length control field: 210628|| aca||aabn | a|a d
040 ## - CATALOGING SOURCE
- Original cataloging agency: NUST
- Transcribing agency: NUST
150 ## - HEADING--TOPICAL TERM
- Topical term or geographic name entry element: ACC NO-14582
670 ## - SOURCE DATA FOUND
- Source citation: Work cat.: (NUST): HUGHES, WILLIAM F,GAYLORD, EBER W 74937, BASIC EQUATIONS OF ENGINEERING SCIENCE, 1964
